000 00260nmm a2200097Ia 4500
008 220120s9999||||xx |||||||||||||||||und||
020 _a81-203-2165-0
100 _aDigit
245 0 _aLinux mint KDE 17.1, fedora security lab
260 _aNine dot Nine
_bNew Delhi
999 _c139952
_d139952